| 000 -ლიდერი |
| ფიქსირებული სიგრძის საკონტროლო ველი |
01253nam a2200289Ia 4500 |
| 001 - საკონტროლო ნომერი |
| საკონტროლო ველი |
14059 |
| 003 - საკონტროლო ნომრის იდენტიფიკატორი |
| საკონტროლო ველი |
GE_BSU |
| 005 - ბოლო ოპერაციის თარიღი და დრო |
| საკონტროლო ველი |
20241023172814.0 |
| 008 - ფიქსირებული სიგრძის მონაცემთა ელემენტები - ზოგადი ინფორმაცია |
| ფიქსირებული სიგრძის საკონტროლო ველი |
181216s2010||||ge |||||||||||||| ||geo|| |
| 020 ## - წიგნის საერთაშორისო სტანდარტული ნომერი |
| International Standard Book Number |
9789941196935 |
| 040 ## - კატალოგიზაციის წყარო |
| Transcribing agency |
GE_BSU |
| 041 ## - ენის კოდი |
| Language code of text/sound track or separate title |
geo |
| 080 ## - უნივერსალური ათობითი კლასიფიკაციის ინდექსი |
| Universal Decimal Classification number |
821.353.1-1 წ-39 |
| 100 ## - მთავარი ჩანაწერი - პიროვნების სახელი |
| Personal name |
წერეთელი, აკაკი |
| 9 (RLIN) |
23511 |
| 245 ## - ცნობა სათაურის შესახებ |
| Title |
პოეზია : ტ.1 : |
| Remainder of title |
ხუთტომეული / |
| Statement of responsibility, etc |
აკაკი წერეთელი ; სარედ. ჯგუფი : ზურაბ აბაშიძე, მანანა ჯანელიძე, ირმა ხარშილაძე. |
| 264 ## - წარმოების, გამოცემის, დისტრიბუციის და სხვა ცნობები |
| გამოცემის, წარმოების, დისტრიბუციის... ადგილი |
თბილისი : |
| გამოცემის, წარმოების, დისტრიბუციის... სახელწოდება |
პალიტრა L, |
| გამოცემის, წარმოების, დისტრიბუციის... თარიღი |
2012. |
| 300 ## - ფიზიკური აღწერა |
| Extent |
344 გვ. : |
| Other physical details |
ილ. ; |
| Dimensions |
20 სმ. |
| 490 ## - სერიის ცნობა |
| Series statement |
ჩემი რჩეული |
| Volume number/sequential designation |
ტომი 61 |
| 653 ## - INDEX TERM--UNCONTROLLED |
| Uncontrolled term |
პოეზია |
| 653 ## - INDEX TERM--UNCONTROLLED |
| Uncontrolled term |
ხუთტომეული |
| 653 ## - INDEX TERM--UNCONTROLLED |
| Uncontrolled term |
ტ.1 |
| 700 ## - ADDED ENTRY--PERSONAL NAME |
| Personal name |
აბაშიძე, ზურაბ |
| Relator term |
რედაქტორი |
| 9 (RLIN) |
1322 |
| 700 ## - ADDED ENTRY--PERSONAL NAME |
| Personal name |
ჯანელიძე, მანანა |
| Relator term |
რედაქტორი |
| 9 (RLIN) |
1323 |
| 700 ## - ADDED ENTRY--PERSONAL NAME |
| Personal name |
ხარშილავა, ირმა |
| Relator term |
რედაქტორი |
| 9 (RLIN) |
23512 |
| 942 ## - ADDED ENTRY ELEMENTS (KOHA) |
| Koha item type |
წიგნი |
| Source of classification or shelving scheme |
|